000 00759 a2200241 4500
001 216219484
003 UA-OsUOA
005 20201019150546.0
008 201019b pl ao||g |||| 00| | pol d
020 _a8390542927
040 _aUA-OsUOA
_bukr
_cUA-OsUOA
_dUA-OsUOA
041 _apol
080 _a030
090 _a030
_bA12
245 _aABC Przyrody. W pytaniach i odpowiedziach
_c redakctor Elzbieta Wierzbicka
260 _bPrzegląd Reader's Digest
_c1997
300 _a328 s.
650 _2UDC
_a030 Універсальні довідкові видання
700 1 _a Wierzbicka Elzbieta
942 _cBK
_2udc
955 _a7
999 _c463623
_d463623